000169319 001__ 169319 000169319 005__ 20260224124417.0 000169319 008__ 231123b17871790fr\a||||\||||\00|\0\fre\d 000169319 024__ $$aCCPB000270244-4 000169319 037__ $$aG_40_19 000169319 040__ $$aES-ZaU 000169319 1001_ $$91233266$$aMouradja D´ohsson, Ignace 000169319 245__ $$aTableau général de l´empire othoman:$$bdivisé en deux parties, dont l´une comprend la législation mahométane ; l´autre, l´histoire de l´empire othoman .../$$c par M. de M*** d´Ohsson ... ; ouvrage enrichi de figures ; tome premier [- second] 000169319 260__ $$aA Paris : $$bde l´imprimerie de Monsieur,$$c1787 000169319 300__ $$a2 v. :$$bil;$$cFol. 000169319 336__ $$2rdacontent$$aTexto$$btxt 000169319 337__ $$2rdamedia$$asin mediación$$bn 000169319 338__ $$2rdacarrier$$avolumen$$bnc 000169319 510_4 $$aBrunet$$c3, 27875. 000169319 597__ $$aSign.T. 1 : [ ]4, a-c2, A-Z2, 2A-2Z2, 3A-3Z2, 4A-4N2. 000169319 597__ $$aAntep. 000169319 597__ $$aFrontis calc. antes de la port. : "Dessiné par J. M. Moreau le J.ne Dessi.teur et Grav.eur du Cabinet du Roi et ... . Gravé par J. B. Simonet" 000169319 597__ $$aLas [4] h. de tablas son tablas genealógicas. - [1] h. de caracteres árabes. - La h. de grab. pleg. es un calendario calc. - Las [21] h. de grab. son grab calc. : Pl.1 y 2 : "J.B. Tilliard, Sculp." ; Fig.3-6 : "J.B. Hilaire, Del. Ingouf, junior, Sculp." ; Pl.7 : "Dessiné par le Barbier l´Ainé ... . Gravé par De Longueil ... " ; Fig.8-11 : "J.B. Hilaire, Del. J.B. Simonet, Sculp." ; Pl.12 :" J.B. Hilaire, Del. J.B. Simonet, Sculp." ; Pl.14 : "J.B. Hilaire, Del. J.B. Tilliard, Sculp." ; Pl.15 : "J.L. Touzé, Del. J.B. Tilliard, Sculp." ; Pl.16 : "J.B. Hilaire, Del. J. Mathieu, Sculp." ; Pl.20 y 21 : "Hilaire, Delineavit. Delignon, Sculpsit" ; Pl.23 : "Varin, Sculpsit" ; Pl.24 : "C.N. Cochin direx. C.L. Lingée Sculp." ; "C.N. Cochin fit. direx. Née Sculp. 1787" ; Pl.28 : "J.B. Hilaire, Del. P.F.L´Epine, Sculp.". Pl.29 : "J.B. Hilaire, Del. A. Giraud ... Sculp.". Pl.30 : "J.B. Hilaire, Del. V. Langlois Sculp.". Pl.31 : "J.B. Hilaire, Del. A. Delattre, Sculp." ; Pl.32 : "C.N. Cochin, direxit. D. Née, Sculpsit 1787" ; Pl.33 : "C.N. Cochin, Direxit. C.L. Lingée, Sculpsit" ; Pl.34 : "C.N. Cochin, Fil. Direxit". Pl.35 : "P. Chenu, et Delattre, Sculp. 1787" ; Pl.37 : "Cochin filius, Dir. Née, Sculp. 1787" ; Pl.38 y 39 : "J.B. Hilaire, Del. Picquet Sculp." ; Pl.40 : "Varin, Sculpsit" 000169319 7001_ $$9663368$$aMonsieur$$eimp. 000169319 7003_ $$9289724$$aOsuna,$$cCasa de (Familia)$$eant. pos. 000169319 8564_ $$s259375936$$uhttps://zaguan.unizar.es/record/169319/files/G_40_19.pdf$$yTexto completo (pdf) 000169319 8564_ $$s424054$$uhttps://zaguan.unizar.es/record/169319/files/METS_carga_G_40_19.xml$$yFichero METS 000169319 8564_ $$s2495657$$uhttps://zaguan.unizar.es/record/169319/files/G_40_19.jpg?subformat=icon$$xicon$$yTexto completo (pdf) 000169319 909CO $$ooai:zaguan.unizar.es:169319$$pfondo-historico$$pdriver 000169319 952__ $$/f$$00$$10$$3c6e5e11d-4dcb-45d2-9f51-e9d79524e142$$40$$6G4019$$70$$91331230$$a100$$b100$$c2db6e5b2-3aca-40b3-9467-bfbf73d8ad85$$d2023-11-23$$ed$$f-$$hT. 2$$oG_40_19$$r2023-11-23$$t32285$$xDigitalizado-2025$$ya3499d44-1378-4e9e-8120-bbfb237e4404$$zAnot. ms. en port. "DO" (Bibliotca de Osuna)$$zEnc. pasta con orla dorada 000169319 952__ $$/f$$00$$10$$3c6e5e11d-4dcb-45d2-9f51-e9d79524e142$$40$$6H223$$70$$91331229$$a100$$b100$$c2db6e5b2-3aca-40b3-9467-bfbf73d8ad85$$d2023-11-23$$ed$$f-$$hT. 1$$oH_22_3$$r2023-11-23$$t32285$$xDigitalizado-2025$$ya3499d44-1378-4e9e-8120-bbfb237e4404$$zAnot. ms. en port. "DO" (Bibliotca de Osuna)$$zEnc. pasta con orla dorada 000169319 980__ $$aFH$$bfondos 000169319 998__ $$a100$$cm$$da$$ea 000169319 999__ $$c851314$$d851314 000169319 999ff $$ieada4803-6fa0-4308-8865-0d44ea657393